| 000 | 00551nam a2200193Ia 4500 | ||
|---|---|---|---|
| 001 | 5346 | ||
| 003 | GE_BSU | ||
| 008 | 181216s||||||||xx |||||||||||||| ||und|| | ||
| 040 | _cGE_BSU | ||
| 080 | _a519.76 | ||
| 100 | _aГладкий А.В. Мельчук И.А. | ||
| 245 | _aЭлементы математической лингвистики. | ||
| 260 | _aМосква | ||
| 260 | _bНаука | ||
| 260 | _c1969 | ||
| 300 | _a187 с. 20 см. | ||
| 653 | _aЭлементы математической лингвистики. | ||
| 942 | _cBK | ||
| 999 |
_c38923 _d38923 |
||